00333nam a2200145Ia 4500008004000000041000800040082001200048100001500060245003200075260003600107650000700143650001400150650001300164650001000177210210b1950 xxu||||| |||| 00| 0 eng d aeng a930/103 aROSE (H J) aHandbook of Greek mythology aLondonbMethuen & Co Ltd.c1950 aof amythology aHandbook aGreek